Geelong Cats 2025 AFL Playing List - Statistics

General Stats
  • This quiz has been taken 107 times
  • The average score is 23 of 44
Answer Stats
Jumper # Player Name % Correct
5 Jeremy Cameron
96%
3 Bailey Smith
89%
35 Patrick Dangerfield
89%
1 Rhys Stanley
89%
44 Tom Stewart
79%
29 Cameron Guthrie
77%
9 Max Holmes
77%
18 Tyson Stengle
77%
39 Zach Guthrie
77%
22 Mitch Duncan
74%
38 Jack Henry
72%
46 Mark Blicavs
72%
36 Oliver Henry
72%
16 Sam De Koning
72%
45 Brad Close
64%
17 Lawson Humphries
64%
14 Connor O'Sullivan
60%
32 Gryan Miers
60%
34 Oisín Mullin
60%
33 Shannon Neale
60%
30 Tom Atkins
60%
28 Oliver Dempsey
57%
4 Tanner Bruhn
57%
7 Shaun Mannagh
55%
6 Toby Conway
55%
24 Jed Bews
53%
12 Jack Bowes
51%
42 Mark O'Connor
47%
10 Mitch Knevitt
47%
19 Jack Martin
45%
8 Jake Kolodjashnij
45%
13 Jhye Clarke
43%
15 George Stevens
34%
40 Ted Clohesy
32%
2 Jay Polkinghorne
30%
21 Oli Wiltshire
28%
11 Mitch Edwards
23%
37 Joe Pike
15%
41 Cillian Burke
13%
20 Jacob Molier
13%
23 Lennox Hofmann
11%
27 Patrick Retschko
11%
31 Keighton Matofai-Forbes
6%
25 Xavier Ivisic
6%
No matching quizzes found
Score Distribution
Percent of People with Each Score
Percentile by Number Answered
Your Score History
You have not taken this quiz